00317nam a2200133Ia 45000030006000000080041000060400015000471000020000622450032000822600036001143000006001505460010001560050017001660STCL150530s9999 xx 000 0 und d aSTCLcSTCL aMuthuswami, N E aHadhuvan Kaa Aalochanathmak bHindi Pustak Bandar ; Tvmc1952 a0 aHindi20220125171320.0